[Event "Manaus op 2nd"]
[Site "Manaus"]
[Date "2023.10.14"]
[Round "5"]
[White "Lira, Suan Bruno Fernande"]
[Black "Da Penha, Cecilia Batista"]
[Result "1-0"]
[WhiteElo "1777"]
[BlackElo "1714"]
[PlyCount "43"]
[EventDate "2023.10.11"]
[EventType "swiss"]
[EventRounds "9"]
[EventCountry "BRA"]
[SourceTitle "Mega2024 Update 01"]
[Source "Chessbase"]
[SourceDate "2023.11.12"]
[SourceVersion "1"]
[SourceVersionDate "2023.11.12"]
[SourceQuality "1"]

1. d4 d5 2. c4 Nf6 3. cxd5 Nxd5 4. Nf3 e6 5. e4 Nb6 6. Bd3 Be7 7. 0-0 0-0 8. Nc3 Nc6 9. Bc2 a6 10. a3 Nd7 11. e5 b5 12. Qd3 g6 13. Qe4 Bb7 14. Bh6 Na5 15. Qf4 Re8 16. Ng5 Bxg5 17. Bxg5 Qc8 18. Qh4 Nc6 19. Qh6 Nxd4 20. Bf6 Nxf6 21. exf6 Nxc2 22. Qg7# 1-0